Players With 10+ Yellow Cards Each Premier League Season (2010s) - Statistics

General Stats
  • This quiz has been taken 10 times
  • The average score is 39 of 81
Answer Stats
Season Club Nation # Answer % Correct
2014/15 Chelsea Spain 11 Cesc Fàbregas
89%
2018/19 Newcastle United Switzerland 12 Fabian Schär
89%
2018/19 Arsenal Switzerland 10 Granit Xhaka
89%
2017/18 Arsenal Switzerland 10 Granit Xhaka
89%
2016/17 Everton Senegal 11 Idrissa Gueye
89%
2015/16 Aston Villa Senegal 10 Idrissa Gueye
89%
2018/19 Arsenal Greece 12 Sokratis Papastathopoulos
89%
2016/17 Tottenham Hotspur Kenya 10 Victor Wanyama
89%
2014/15 Southampton Kenya 10 Victor Wanyama
89%
2016/17 Crystal Palace Belgium 10 Christian Benteke
78%
2016/17 Leicester City Austria 10 Christian Fuchs
78%
2016/17 Chelsea Spain 10 Diego Costa
78%
2009/10 Liverpool Argentina 10 Javier Mascherano
78%
2018/19 Manchester United England 11 Luke Shaw
78%
2011/12 Arsenal Cameroon 10 Alexandre Song
67%
2009/10 Arsenal Cameroon 10 Alexandre Song
67%
2014/15 Chelsea Serbia 11 Branislav Ivanović
67%
2010/11 Chelsea Serbia 12 Branislav Ivanović
67%
2016/17 West Bromwich Albion England 10 Craig Dawson
67%
2016/17 Leicester City England 12 Danny Simpson
67%
2015/16 Liverpool England 10 James Milner
67%
2018/19 Bournemouth Colombia 12 Jefferson Lerma
67%
2010/11 Bolton Wanderers England 10 Kevin Davies
67%
2012/13 Liverpool Uruguay 10 Luis Suárez
67%
2018/19 Crystal Palace Serbia 10 Luka Milivojević
67%
2016/17 West Ham United England 10 Mark Noble
67%
2014/15 Chelsea Serbia 10 Nemanja Matić
67%
2016/17 Arsenal Germany 11 Shkodran Mustafi
67%
2009/10 Birmingham City Ireland 10 Stephen Carr
67%
2017/18 Watford Mali 10 Abdoulaye Doucouré
56%
2017/18 Burnley England 10 Ashley Barnes
56%
2014/15 Burnley England 10 Ben Mee
56%
2010/11 Blackpool Scotland 11 Charlie Adam
56%
2016/17 Everton England 10 Gareth Barry
56%
2014/15 Everton England 11 Gareth Barry
56%
2013/14 Everton England 10 Gareth Barry
56%
2011/12 Manchester City England 10 Gareth Barry
56%
2018/19 Southampton Spain 11 Oriol Romeu
56%
2017/18 Southampton Spain 11 Oriol Romeu
56%
2016/17 Southampton Spain 11 Oriol Romeu
56%
2013/14 Manchester City Argentina 11 Pablo Zabaleta
56%
2009/10 Aston Villa Bulgaria 10 Stiliyan Petrov
56%
2012/13 Norwich City England 10 Bradley Johnson
44%
2018/19 Wolverhampton Wanderers Portugal 11 Diogo Jota
44%
2018/19 Watford France 14 Étienne Capoue
44%
2010/11 Newcastle United England 10 Kevin Nolan
44%
2018/19 West Ham United Scotland 10 Robert Snodgrass
44%
2014/15 Sunderland Sweden 10 Sebastian Larsson
44%
2015/16 Tottenham Hotspur England 10 Eric Dier
33%
2018/19 Cardiff City Ireland 10 Harry Arter
33%
2016/17 Bournemouth Ireland 12 Harry Arter
33%
2013/14 West Bromwich Albion Sweden 10 Jonas Olsson
33%
2018/19 Watford Greece 12 José Holebas
33%
2016/17 Watford Greece 14 José Holebas
33%
2014/15 Sunderland England 14 Lee Cattermole
33%
2011/12 Sunderland England 10 Lee Cattermole
33%
2010/11 Sunderland England 12 Lee Cattermole
33%
2012/13 Aston Villa England 10 Matthew Lowton
33%
2009/10 West Ham United England 10 Scott Parker
33%
2014/15 West Ham United New Zealand 10 Winston Reid
33%
2013/14 Newcastle United Côte d'Ivoire (Ivory Coast) 10 Cheick Tioté
22%
2011/12 Newcastle United Côte d'Ivoire (Ivory Coast) 11 Cheick Tioté
22%
2010/11 Newcastle United Côte d'Ivoire (Ivory Coast) 14 Cheick Tioté
22%
2015/16 Stoke City Netherlands 10 Erik Pieters
22%
2015/16 Newcastle United England 11 Jack Colback
22%
2014/15 Newcastle United England 12 Jack Colback
22%
2014/15 Queens Park Rangers England 11 Joey Barton
22%
2009/10 Wigan Athletic England 10 Titus Bramble
22%
2016/17 Middlesbrough England 10 Adam Clayton
11%
2015/16 Norwich City Norway 10 Alexander Tettey
11%
2014/15 West Bromwich Albion England 10 Craig Gardner
11%
2012/13 Sunderland England 10 Craig Gardner
11%
2012/13 Stoke City England 11 Dean Whitehead
11%
2009/10 Bolton Wanderers England 11 Fabrice Muamba
11%
2014/15 Hull City England 10 Jake Livermore
11%
2011/12 Blackburn Rovers England 10 Jason Lowe
11%
2009/10 Sunderland Albania 10 Lorik Cana
11%
2010/11 Wigan Athletic Honduras 11 Maynor Figueroa
11%
2018/19 Wolverhampton Wanderers England 12 Ryan Bennett
11%
2014/15 Tottenham Hotspur England 10 Ryan Mason
11%
2016/17 Watford Austria 11 Sebastian Prödl
11%
No matching quizzes found
Score Distribution
Percent of People with Each Score
Percentile by Number Answered
Your Score History
You have not taken this quiz